000 00706nam a2200229 i 4500
001 71624
003 ES-MaACL
005 20250829112155.0
007 t|
008 040813s1973 sp ||||1| spa d
100 1 _aGeorge, Pierre.
_956386
245 1 4 _aLos métodos de la Geografía /
_cPierre George ; [traducción de Damiá de Bas].
250 _a[1ª ed.].
260 _aVilassar de Mar :
_bOikos-Tau,
_c[1973]
300 _a122 p. ;
_c18 cm.
490 1 _aColección ¿Qué Sé? ;
_v96
650 4 _aGeografía-
_xMetodología.
_9164393
700 0 _aBas, Damià de.
_926226
830 0 _a¿Qué sé?
_v96
_9181382
852 _aES-MaACL
_jC-53530
_bR.86265
999 _c71624
_d71624